Normal view MARC view

Entry Personal Name

Number of records used in: 1

001 - CONTROL NUMBER

  • control field: 9327

003 - CONTROL NUMBER IDENTIFIER

  • control field: dpl

005 - DATE AND TIME OF LATEST TRANSACTION

  • control field: 20100809134451.0

008 - FIXED-LENGTH DATA ELEMENTS

  • fixed length control field: 100809|||a|||||| | ||| d

040 ## - CATALOGING SOURCE

  • Original cataloging agency: dpl
  • Transcribing agency: dpl

100 ## - HEADING--PERSONAL NAME

  • Personal name: Selvi,K Tamil

670 ## - SOURCE DATA FOUND

  • Source citation: Work cat.: (dpl): Selvi,K Tamil, Algebraic structures /

670 ## - SOURCE DATA FOUND

  • Source citation: Work cat.: (dpl): Selvi,K Tamil, Algebraic structures /

© Delhi Public Library
Hit Counter
free hit counter